<?xml version="1.0" encoding="UTF-8"?><?xml-stylesheet type="text/xsl" href="static/style.xsl"?><OAI-PMH xmlns="http://www.openarchives.org/OAI/2.0/" xmlns:xsi="http://www.w3.org/2001/XMLSchema-instance" xsi:schemaLocation="http://www.openarchives.org/OAI/2.0/ http://www.openarchives.org/OAI/2.0/OAI-PMH.xsd"><responseDate>2026-04-13T02:36:07Z</responseDate><request verb="GetRecord" identifier="oai:www.recercat.cat:2445/164858" metadataPrefix="marc">https://recercat.cat/oai/request</request><GetRecord><record><header><identifier>oai:recercat.cat:2445/164858</identifier><datestamp>2025-12-04T19:37:03Z</datestamp><setSpec>com_2072_1057</setSpec><setSpec>col_2072_478813</setSpec><setSpec>col_2072_478917</setSpec></header><metadata><record xmlns="http://www.loc.gov/MARC21/slim" xmlns:dcterms="http://purl.org/dc/terms/" xmlns:xsi="http://www.w3.org/2001/XMLSchema-instance" xmlns:doc="http://www.lyncode.com/xoai" xsi:schemaLocation="http://www.loc.gov/MARC21/slim http://www.loc.gov/standards/marcxml/schema/MARC21slim.xsd">
   <leader>00925njm 22002777a 4500</leader>
   <datafield ind2=" " ind1=" " tag="042">
      <subfield code="a">dc</subfield>
   </datafield>
   <datafield ind2=" " ind1=" " tag="720">
      <subfield code="a">Porcar Santos, Oriol</subfield>
      <subfield code="e">author</subfield>
   </datafield>
   <datafield ind2=" " ind1=" " tag="720">
      <subfield code="a">Cruz Alcalde, Alberto</subfield>
      <subfield code="e">author</subfield>
   </datafield>
   <datafield ind2=" " ind1=" " tag="720">
      <subfield code="a">López Vinent, Núria</subfield>
      <subfield code="e">author</subfield>
   </datafield>
   <datafield ind2=" " ind1=" " tag="720">
      <subfield code="a">Zanganas, Dimitrios</subfield>
      <subfield code="e">author</subfield>
   </datafield>
   <datafield ind2=" " ind1=" " tag="720">
      <subfield code="a">Sans Mazón, Carme</subfield>
      <subfield code="e">author</subfield>
   </datafield>
   <datafield ind2=" " ind1=" " tag="260">
      <subfield code="c">2020-06-09T06:53:04Z</subfield>
   </datafield>
   <datafield ind2=" " ind1=" " tag="260">
      <subfield code="c">2022-05-26T05:10:18Z</subfield>
   </datafield>
   <datafield ind2=" " ind1=" " tag="260">
      <subfield code="c">2020-05-26</subfield>
   </datafield>
   <datafield ind2=" " ind1=" " tag="260">
      <subfield code="c">2020-06-09T06:53:04Z</subfield>
   </datafield>
   <datafield ind2=" " ind1=" " tag="520">
      <subfield code="a">Nowadays photoactivation mechanism of titanium dioxide nanoparticles (TiO2 NPs) and reactive species involved in saline waters is not sufficiently established. In this study, TiO2 photocatalytic process under simulated solar irradiation was evaluated in synthetic seawater and compared with deionized water, using sulfamethoxazole (SMX) as model organic compound. For a TiO2 concentration of 100 mg L−1, SMX degradation resulted two times slower in seawater than in deionizedwater by the determination of their pseudo-first order rate constants of 0.020 min−1 and 0.041 min−1, respectively. Selected scavenging experiments revealed no significant contribution of hydroxyl radicals (¿OH) on the degradation process in seawater, while these radicals contributed to circa 60% on theSMX depletion in deionizedwater. Instead, the involvement of reactive halogen species (RHS) asmain contributors for the SMX degradation in seawater could be established. A mechanism for the RHS generationwas proposed, whose initiation reactions involve halides with the TiO2 photogenerated holes, yielding chlorine and bromine radicals (Cl¿ and Br¿) that may later generate other RHS. Production of RHS was further confirmed by the identification of SMX transformation products (TPs) and their evolution over time, carried out by liquid chromatography-mass spectrometry (LC-MS). SMX transformationwas conducted through halogenation, dimerization and oxidation pathways, involving mainly RHS. Most of the detected transformation products accumulated over time (up to 360 min of irradiation). These findings bring concerns about the viability of photocatalytic water treatments using TiO2 NPs in saline waters, as RHS could be yielded resulting in the generation and accumulation of halogenated organic byproducts.</subfield>
   </datafield>
   <datafield tag="653" ind2=" " ind1=" ">
      <subfield code="a">Fotocatàlisi</subfield>
   </datafield>
   <datafield tag="653" ind2=" " ind1=" ">
      <subfield code="a">Aigua salada</subfield>
   </datafield>
   <datafield tag="653" ind2=" " ind1=" ">
      <subfield code="a">Diòxid de titani</subfield>
   </datafield>
   <datafield tag="653" ind2=" " ind1=" ">
      <subfield code="a">Nanopartícules</subfield>
   </datafield>
   <datafield tag="653" ind2=" " ind1=" ">
      <subfield code="a">Photocatalysis</subfield>
   </datafield>
   <datafield tag="653" ind2=" " ind1=" ">
      <subfield code="a">Saline waters</subfield>
   </datafield>
   <datafield tag="653" ind2=" " ind1=" ">
      <subfield code="a">Titanium dioxide</subfield>
   </datafield>
   <datafield tag="653" ind2=" " ind1=" ">
      <subfield code="a">Nanoparticles</subfield>
   </datafield>
   <datafield ind2="0" ind1="0" tag="245">
      <subfield code="a">Photocatalytic degradation of sulfamethoxazole using TiO2 in simulated seawater: evidence for direct formation of reactive halogen species and halogenated by-products</subfield>
   </datafield>
</record></metadata></record></GetRecord></OAI-PMH>